[Event "58h World U20 ch"]
[Site "New Delhi IND"]
[Date "2019.10.15"]
[Round "1.2"]
[White "Muthaiah, A. L."]
[Black "Karthikeyan, Murali"]
[Result "1/2-1/2"]
[WhiteElo "2370"]
[BlackElo "2617"]
[EventDate "2019.10.15"]
[PlyCount "73"]

1.c4 Nf6 2.Nc3 g6 3.g3 c5 4.Bg2 Nc6 5.Nf3 Bg7 6.O-O d6 7.d3 O-O 8.Rb1 Ne8 
9.Bd2 Nc7 10.a3 a5 11.Ne1 Bd7 12.Nc2 a4 13.Na1 Na5 14.b4 axb3 15.Nxb3 Bc6 
16.Nxa5 Rxa5 17.Bxc6 bxc6 18.Nb5 Nxb5 19.Bxa5 Qxa5 20.cxb5 cxb5 21.Qb3 Rb8
22.Rfc1 e6 23.Qa2 Bf8 24.Rb3 d5 25.Qb2 Qa4 26.Rb1 c4 27.dxc4 dxc4 28.Qe5 
cxb3 29.Qxb8 b4 30.Qf4 Qxa3 31.Qd2 Bg7 32.Qd8+ Bf8 33.Qd3 b2 34.Qc2 Bg7 
35.Qc8+ Bf8 36.Qc2 Bg7 37.Qc8+ 1/2-1/2

[Event "58h World U20 ch"]
[Site "New Delhi IND"]
[Date "2019.10.15"]
[Round "1.4"]
[White "Raja Rithvik, R."]
[Black "Kollars, Dmitrij"]
[Result "0-1"]
[WhiteElo "2369"]
[BlackElo "2587"]
[EventDate "2019.10.15"]
[PlyCount "98"]

1.d4 Nf6 2.c4 e6 3.Nc3 Bb4 4.Qc2 b6 5.e4 c5 6.d5 Qe7 7.Ne2 exd5 8.exd5 O-O
9.Bg5 d6 10.O-O-O Re8 11.f3 h6 12.Bd2 Nbd7 13.Ng3 Qd8 14.Be2 a6 15.Kb1 Ne5
16.Rhe1 Rb8 17.f4 Neg4 18.Bxg4 Bxg4 19.Rxe8+ Nxe8 20.Re1 Qh4 21.Nce4 Bxd2 
22.Qxd2 Bd7 23.f5 b5 24.cxb5 Rxb5 25.f6 g6 26.a3 Nxf6 27.Nxd6 Rb6 28.Nde4 
Nxe4 29.Nxe4 Bf5 30.Qe2 Qf6 31.Qc2 Qd4 32.Ka1 Bxe4 33.Rxe4 Qxd5 34.Re8+ 
Kg7 35.Qc3+ Rf6 36.Rc8 g5 37.g4 Qd1+ 38.Ka2 Qxg4 39.Rxc5 Qe6+ 40.Ka1 Qe4 
41.Rc8 Qe6 42.Rc5 Kg8 43.Rc8+ Kh7 44.Qd3+ Kg7 45.Ra8 Qd6 46.Qc4 Qc6 47.
Qxc6 Rxc6 48.Ra7 g4 49.b4 h5 0-1

[Event "58h World U20 ch"]
[Site "New Delhi IND"]
[Date "2019.10.15"]
[Round "1.5"]
[White "Albornoz Cabrera, Carlos Daniel"]
[Black "Sankalp, Gupta"]
[Result "0-1"]
[WhiteElo "2581"]
[BlackElo "2369"]
[EventDate "2019.10.15"]
[PlyCount "76"]

1.Nf3 Nf6 2.c4 g6 3.Nc3 d5 4.cxd5 Nxd5 5.Qb3 Nb6 6.d4 Bg7 7.Bf4 Be6 8.Qa3 
c5 9.Qxc5 Nc6 10.e3 Rc8 11.Qa3 O-O 12.Be2 Nc4 13.Qa4 Nxb2 14.Qb5 Qb6 15.
Qxb6 axb6 16.Rb1 Na5 17.Rxb2 Rxc3 18.O-O Nc4 19.Rb4 Rc8 20.a4 Rc2 21.Bd3 
Rb2 22.Rb1 Rxb1+ 23.Rxb1 Na3 24.Ra1 Rc3 25.Bb5 h6 26.h4 Bd5 27.Be2 Bc6 28.
Ne5 Bxa4 29.Bf3 b5 30.Bxb7 b4 31.Be4 e6 32.g4 g5 33.hxg5 hxg5 34.Bg3 Bf8 
35.Nd3 Bc2 36.Nc5 b3 37.Rxa3 Bxe4 38.Kh2 Bxc5 0-1

[Event "58h World U20 ch"]
[Site "New Delhi IND"]
[Date "2019.10.15"]
[Round "1.8"]
[White "Parkhov, Yair"]
[Black "Praggnanandhaa, Rameshbabu"]
[Result "0-1"]
[WhiteElo "2350"]
[BlackElo "2567"]
[EventDate "2019.10.15"]
[PlyCount "86"]

1.d4 Nf6 2.c4 e6 3.Nf3 d5 4.g3 Bb4+ 5.Bd2 Bd6 6.Nc3 O-O 7.Bg2 c6 8.Qb3 
Nbd7 9.O-O Qe7 10.Rad1 dxc4 11.Qxc4 e5 12.Bg5 h6 13.Bc1 e4 14.Nd2 Nb6 15.
Qb3 Bf5 16.f3 exf3 17.Nxf3 c5 18.Nb5 c4 19.Qe3 Be4 20.Nxd6 Qxd6 21.Ne5 
Bxg2 22.Kxg2 Qd5+ 23.Qf3 Ne4 24.Ng4 Qe6 25.Qf5 Rae8 26.d5 Qxf5 27.Rxf5 c3 
28.d6 Re6 29.Re5 Rxd6 30.Rxd6 cxb2 31.Bxb2 Nxd6 32.Bd4 Nbc4 33.Re7 Nf5 34.
Rd7 Re8 35.Bxa7 Rxe2+ 36.Nf2 b6 37.a4 Ra2 38.Rb7 Nfe3+ 39.Kf3 Nd5 40.Ke4 
Nd6+ 41.Kxd5 Nxb7 42.Bxb6 Rxa4 43.Nd3 Ra8 0-1

[Event "58h World U20 ch"]
[Site "New Delhi IND"]
[Date "2019.10.15"]
[Round "1.9"]
[White "Hakobian, Aram"]
[Black "Eugene, Floryan"]
[Result "1-0"]
[WhiteElo "2561"]
[BlackElo "2346"]
[EventDate "2019.10.15"]
[PlyCount "41"]

1.e4 e5 2.Nf3 Nc6 3.Bb5 a6 4.Ba4 d6 5.O-O Bg4 6.h3 h5 7.c3 Qf6 8.d3 Ne7 9.
hxg4 hxg4 10.Ng5 Qh6 11.f4 Qh4 12.Qb3 f6 13.Qxb7 Kd7 14.fxe5 dxe5 15.d4 
fxg5 16.d5 Qh2+ 17.Kf2 Rh6 18.dxc6+ Ke6 19.Bb3+ Kf6 20.Qxa8 Rh8 21.Qe8 1-0

[Event "58h World U20 ch"]
[Site "New Delhi IND"]
[Date "2019.10.15"]
[Round "1.10"]
[White "Miciano, John Marvin"]
[Black "Santos Ruiz, Miguel"]
[Result "0-1"]
[WhiteElo "2345"]
[BlackElo "2560"]
[EventDate "2019.10.15"]
[PlyCount "114"]

1.e4 e5 2.Nf3 Nc6 3.Bc4 Bc5 4.c3 Nf6 5.d3 d6 6.h3 a5 7.a4 Ne7 8.O-O O-O 9.
Bg5 Ng6 10.d4 Bb6 11.dxe5 dxe5 12.Qe1 h6 13.Be3 Nd7 14.Nbd2 Qf6 15.g3 Bxe3
16.Qxe3 Nb6 17.h4 Nxc4 18.Nxc4 Be6 19.Nfd2 Rfd8 20.Rfd1 Rd7 21.Qe2 b6 22.
Ne3 Rad8 23.Ndf1 Nf8 24.Qc2 Qe7 25.Rxd7 Rxd7 26.Rd1 Qc5 27.Rxd7 Nxd7 28.
Nd2 Qc6 29.b4 h5 30.Kf1 f6 31.Ke1 Kf7 32.Ke2 Nb8 33.bxa5 bxa5 34.Qb2 Nd7 
35.Qb5 Qxc3 36.Nec4 Qc2 37.Ke3 Nb6 38.Nxb6 cxb6 39.f4 Qc3+ 40.Qd3 Qxd3+ 
41.Kxd3 exf4 42.gxf4 Ke7 43.Nb1 Bd7 44.Nc3 Kd6 45.Kd4 Bc6 46.Kc4 Bd7 47.
Kd4 Be8 48.Kc4 g5 49.fxg5 fxg5 50.hxg5 h4 51.Kd4 h3 52.Ne2 h2 53.Ng3 Bxa4 
54.Ke3 Bb3 55.g6 a4 56.Kd4 a3 57.Kc3 Bg8 0-1

[Event "58h World U20 ch"]
[Site "New Delhi IND"]
[Date "2019.10.15"]
[Round "1.11"]
[White "Gholami, Aryan"]
[Black "O`Donnell, Conor"]
[Result "1/2-1/2"]
[WhiteElo "2554"]
[BlackElo "2345"]
[EventDate "2019.10.15"]
[PlyCount "140"]

1.Nf3 d5 2.b3 c5 3.Bb2 f6 4.e4 dxe4 5.Nh4 Nh6 6.Nc3 g5 7.Qh5+ Kd7 8.Nxe4 
gxh4 9.d4 Nc6 10.d5 Ne5 11.Bxe5 fxe5 12.Qxe5 Qa5+ 13.b4 Qxb4+ 14.c3 Bg7 
15.Qxg7 Qxe4+ 16.Be2 Rg8 17.Qxh6 Rxg2 18.O-O-O Rxf2 19.Rhe1 Qf4+ 20.Qxf4 
Rxf4 21.Bb5+ Kd6 22.Rd2 Bg4 23.h3 Bxh3 24.Rde2 Rf7 25.Re4 Bd7 26.Bxd7 Kxd7
27.Rxh4 Rg8 28.Kc2 b5 29.a4 a6 30.axb5 axb5 31.Ra1 c4 32.Ra7+ Kd6 33.Kb2 
Rg1 34.Rh6+ Kxd5 35.Rd7+ Kc5 36.Rc7+ Kd5 37.Rd7+ Ke4 38.Re6+ Kf5 39.Rb6 h5
40.Rxb5+ Ke6 41.Rd2 Rh7 42.Re2+ Kf6 43.Rbe5 h4 44.Re6+ Kg5 45.R6e5+ Kg4 
46.Ka3 h3 47.R5e4+ Kg3 48.R2e3+ Kh2 49.Kb4 Rg3 50.Re1 Rg1 51.R1e3 Rhg7 52.
Kxc4 R1g4 53.Rxg4 Rxg4+ 54.Kd5 Rg3 55.Re2+ Kg1 56.Kd4 h2 57.Re4 e6 58.Rxe6
h1=Q 59.Re1+ Kh2 60.Rxh1+ Kxh1 61.c4 Kg2 62.c5 Kf3 63.c6 Rg1 64.Ke5 Rc1 
65.Kd6 Ke4 66.c7 Kf5 67.Kd7 Rd1+ 68.Ke7 Rc1 69.Kd7 Rxc7+ 70.Kxc7 Ke5 
1/2-1/2

[Event "58h World U20 ch"]
[Site "New Delhi IND"]
[Date "2019.10.15"]
[Round "1.12"]
[White "Kukelko, Alexey"]
[Black "Gazik, Viktor"]
[Result "0-1"]
[WhiteElo "2342"]
[BlackElo "2546"]
[EventDate "2019.10.15"]
[PlyCount "88"]

1.e4 c5 2.Nf3 d6 3.d4 cxd4 4.Nxd4 Nf6 5.Nc3 a6 6.Bg5 Nbd7 7.Qe2 g6 8.O-O-O
Bg7 9.f4 O-O 10.Kb1 Qc7 11.Bxf6 Nxf6 12.e5 dxe5 13.fxe5 Bg4 14.Nf3 Nd7 15.
Nd5 Qc5 16.b4 Qa7 17.Qe3 Qxe3 18.Nxe3 Nxe5 19.Nxe5 Bxd1 20.N5c4 b5 21.Nb2 
Bxb2 22.Kxb2 Rad8 23.Bd3 Bh5 24.g4 Bxg4 25.Nxg4 Rd4 26.Ne3 Rxb4+ 27.Kc3 
Rh4 28.Nd5 e6 29.Nb4 Rc8+ 30.Kb3 a5 31.Na6 Rc6 32.Bxb5 a4+ 33.Ka3 Rxc2 34.
Nb4 Rb2 35.Kxb2 Rxb4+ 36.Ka3 Rxb5 37.Kxa4 Rb2 38.a3 f5 39.Rc1 e5 40.Rc8+ 
Kg7 41.Rc7+ Kf6 42.Rxh7 f4 43.Rh8 Kg7 44.Rh4 f3 0-1

[Event "58h World U20 ch"]
[Site "New Delhi IND"]
[Date "2019.10.15"]
[Round "1.13"]
[White "Harsha, Bharathakoti"]
[Black "Audi, Ameya"]
[Result "1-0"]
[WhiteElo "2530"]
[BlackElo "2336"]
[EventDate "2019.10.15"]
[PlyCount "81"]

1.f4 Nf6 2.Nf3 g6 3.g3 Bg7 4.Bg2 O-O 5.O-O d5 6.d3 c5 7.Qe1 Nc6 8.e4 dxe4 
9.dxe4 e5 10.Nc3 Re8 11.fxe5 Nxe5 12.Nxe5 Qd4+ 13.Be3 Qxe5 14.Bf4 Qh5 15.
h4 h6 16.Rd1 g5 17.Bd6 Bd7 18.Bxc5 gxh4 19.Bd4 Bg4 20.Bxf6 h3 21.Rd5 Qg6 
22.Bxg7 hxg2 23.Kxg2 Kxg7 24.Qe3 Rac8 25.Qd4+ Kh7 26.Rf6 Qg7 27.Rfd6 Be6 
28.Qxg7+ Kxg7 29.Ra5 a6 30.Kf3 Rc7 31.a3 Kh7 32.Rh5 Rec8 33.Rh2 Kg7 34.
Rhd2 Rc5 35.Rb6 R8c7 36.Nd5 Rd7 37.Ke3 Bg4 38.b3 Be6 39.c4 Bg4 40.Nf6 Rxd2
41.Kxd2 1-0

[Event "58h World U20 ch"]
[Site "New Delhi IND"]
[Date "2019.10.15"]
[Round "1.19"]
[White "Nigmatov, Ortik"]
[Black "Pranav, V."]
[Result "1/2-1/2"]
[WhiteElo "2494"]
[BlackElo "2308"]
[EventDate "2019.10.15"]
[PlyCount "108"]

1.c4 e5 2.Nc3 Nc6 3.Nf3 f5 4.d3 Nf6 5.g3 Bb4 6.Bd2 O-O 7.Bg2 d6 8.O-O h6 
9.Nd5 Bxd2 10.Nxd2 Be6 11.Rc1 a5 12.a3 Qd7 13.e3 Kh8 14.Qa4 Ra6 15.f4 Qd8 
16.h3 exf4 17.Nxf4 Bf7 18.Rce1 Ne7 19.Qc2 c6 20.Qc3 a4 21.Qd4 Re8 22.Qc3 
Ra5 23.Kh2 b5 24.e4 bxc4 25.Nxc4 Rc5 26.Qd4 Bxc4 27.dxc4 Re5 28.c5 fxe4 
29.Qxd6 Qb8 30.Rf2 Rd8 31.Qxb8 Rxb8 32.Nd3 Rh5 33.Rd2 exd3 34.Rxe7 Rxc5 
35.Re3 Rc2 36.Rexd3 Rbxb2 37.Rxc2 Rxc2 38.Kg1 c5 39.Bc6 Rc4 40.Kf2 Kh7 41.
Bb5 Rc2+ 42.Kf3 c4 43.Re3 Nd5 44.Re5 Rc3+ 45.Kf2 Nf6 46.Bxa4 Rxa3 47.Bc2+ 
Kg8 48.Rc5 Rc3 49.Bg6 Kf8 50.Rc7 Rc1 51.g4 c3 52.Kg3 c2 53.Rxc2 Rxc2 54.
Bxc2 g5 1/2-1/2

[Event "58h World U20 ch"]
[Site "New Delhi IND"]
[Date "2019.10.15"]
[Round "1.22"]
[White "Raahul, Vijayakumar Sharmila"]
[Black "Drygalov, Sergei"]
[Result "0-1"]
[WhiteElo "2262"]
[BlackElo "2470"]
[EventDate "2019.10.15"]
[PlyCount "80"]

1.c4 e5 2.Nc3 Nf6 3.Nf3 Nc6 4.e3 Bb4 5.Qc2 Bxc3 6.bxc3 O-O 7.e4 d6 8.g3 a6
9.a4 Rb8 10.Bg2 Na5 11.d3 Nd7 12.Be3 Qe8 13.O-O Nc5 14.Nd2 Bd7 15.Bxc5 
dxc5 16.f4 f6 17.f5 Rd8 18.Rf3 Bc6 19.Nf1 Qd7 20.g4 b6 21.h4 Nb7 22.Bh3 
Nd6 23.Ne3 Nf7 24.Nd5 Bxd5 25.cxd5 c6 26.Qb3 b5 27.axb5 axb5 28.Ra5 Rb8 
29.c4 cxd5 30.exd5 bxc4 31.Qxc4 e4 32.Re3 exd3 33.Qxd3 Ne5 34.Qc2 Qxd5 35.
Rxc5 Qd4 36.Qc3 Qf4 37.Rcxe5 fxe5 38.Qxe5 Rb1+ 39.Kg2 Rb2+ 40.Kh1 Rh2+ 0-1

[Event "58h World U20 ch"]
[Site "New Delhi IND"]
[Date "2019.10.15"]
[Round "1.26"]
[White "Tifferet, Shaked"]
[Black "Haria, Ravi"]
[Result "0-1"]
[WhiteElo "2224"]
[BlackElo "2463"]
[EventDate "2019.10.15"]
[PlyCount "94"]

1.d4 d5 2.Bf4 Nf6 3.Nf3 e6 4.e3 c5 5.c3 Bd6 6.Bg3 Qc7 7.Na3 a6 8.Qa4+ Bd7 
9.Nb5 Bxb5 10.Bxb5+ Nbd7 11.Bxd6 Qxd6 12.Ne5 Rc8 13.Bxd7+ Nxd7 14.Nxd7 
Qxd7 15.Qxd7+ Kxd7 16.Kd2 h5 17.h4 Rh6 18.Rh3 Rg6 19.Rg1 Kd6 20.Rf3 Rc7 
21.Rf4 cxd4 22.cxd4 f5 23.Kd3 b5 24.Rf3 a5 25.Rh3 e5 26.Kd2 exd4 27.exd4 
Rg4 28.Rd3 Rc4 29.g3 Rcxd4 30.Rc1 Rxd3+ 31.Kxd3 f4 32.Rg1 fxg3 33.fxg3 d4 
34.a4 bxa4 35.Kc4 Ke5 36.Re1+ Re4 37.Rd1 Re2 38.Rxd4 Rc2+ 39.Kd3 Rd2+ 40.
Kxd2 Kxd4 41.Kc2 Kc4 42.Kd2 Kb3 43.Kc1 a3 44.Kb1 axb2 45.g4 a4 46.g5 a3 
47.g6 a2# 0-1

[Event "58h World U20 ch"]
[Site "New Delhi IND"]
[Date "2019.10.15"]
[Round "1.29"]
[White "Batsuren, Dambasuren"]
[Black "Cansun, Can Alp"]
[Result "1-0"]
[WhiteElo "2454"]
[BlackElo "2199"]
[EventDate "2019.10.15"]
[PlyCount "93"]

1.d4 Nf6 2.c4 e6 3.Nc3 Bb4 4.Bd2 O-O 5.e3 b6 6.Nf3 Bb7 7.Rc1 d6 8.Bd3 Nbd7
9.a3 Bxc3 10.Bxc3 Ne4 11.O-O f5 12.Be1 Rf6 13.Nd2 Nxd2 14.Qxd2 Rh6 15.f3 
Qg5 16.Bg3 Qh5 17.b4 Rf8 18.c5 bxc5 19.bxc5 dxc5 20.dxc5 Bc6 21.Qa5 e5 22.
Qxc7 Qg5 23.f4 exf4 24.Qxf4 Qh5 25.Bxf5 Rhf6 26.Qc4+ Kh8 27.e4 h6 28.Bd6 
Re8 29.Rce1 Nb8 30.Qc3 Bb5 31.Rf3 Nc6 32.Bd7 Rxf3 33.Qxf3 Qxf3 34.gxf3 Rd8
35.Bg4 Nd4 36.Rd1 Nc2 37.Rb1 a6 38.a4 Bxa4 39.Rb6 Bb5 40.c6 Rxd6 41.c7 
Rd1+ 42.Kf2 Rf1+ 43.Kg3 Rg1+ 44.Kf4 Rxg4+ 45.fxg4 Bd7 46.Rd6 g5+ 47.Kg3 
1-0

[Event "58h World U20 ch"]
[Site "New Delhi IND"]
[Date "2019.10.15"]
[Round "1.33"]
[White "Aditya, Mittal"]
[Black "Li, William"]
[Result "1-0"]
[WhiteElo "2430"]
[BlackElo "2161"]
[EventDate "2019.10.15"]
[PlyCount "81"]

1.d4 Nf6 2.c4 b6 3.Nc3 Bb7 4.Qc2 d5 5.cxd5 Nxd5 6.Nf3 e6 7.e4 Nxc3 8.bxc3 
Be7 9.Bb5+ c6 10.Bd3 c5 11.O-O cxd4 12.cxd4 O-O 13.Bb2 Nc6 14.Qe2 Nb4 15.
Bc4 Rc8 16.Rac1 Rxc4 17.Qxc4 Ba6 18.Qb3 Bxf1 19.Kxf1 Qa8 20.a3 Nc6 21.Qc3 
Na5 22.d5 Bf6 23.e5 Be7 24.d6 Bd8 25.Qd3 Qb7 26.a4 a6 27.d7 b5 28.Qd6 b4 
29.Nd2 Qd5 30.Qxd5 exd5 31.Rc8 Nb7 32.Bd4 Be7 33.Nb3 Nd8 34.Bc5 Bxc5 35.
Nxc5 b3 36.Nxb3 f6 37.e6 Nxe6 38.Nc5 Nd8 39.Nxa6 Kf7 40.Nc5 Ke7 41.a5 1-0

[Event "58h World U20 ch"]
[Site "New Delhi IND"]
[Date "2019.10.15"]
[Round "1.35"]
[White "Tica, Sven"]
[Black "Winkelman, Albert"]
[Result "0-1"]
[WhiteElo "2418"]
[BlackElo "2143"]
[EventDate "2019.10.15"]
[PlyCount "70"]

1.d4 Nf6 2.c4 e6 3.g3 d5 4.Bg2 dxc4 5.Qa4+ Bd7 6.Qxc4 Bc6 7.Nf3 Nbd7 8.Nc3
Bd6 9.O-O O-O 10.Qd3 Qe7 11.e4 e5 12.d5 Nc5 13.Qc4 Bd7 14.Be3 Ng4 15.Bg5 
f6 16.Bd2 f5 17.exf5 Bxf5 18.Nh4 Bd7 19.b4 Na4 20.Ne4 Nb6 21.Qd3 a6 22.a4 
Nxa4 23.Bh3 Nb6 24.Ng5 g6 25.Ne6 Nf6 26.Bh6 Rf7 27.Nxg6 hxg6 28.Qxg6+ Kh8 
29.Bg5 Nbxd5 30.Rfe1 Bxe6 31.Bxe6 Qxe6 32.Re4 Rh7 33.Rh4 Rxh4 34.Bxh4 Qe7 
35.Rd1 Qg7 0-1

[Event "58h World U20 ch"]
[Site "New Delhi IND"]
[Date "2019.10.15"]
[Round "1.36"]
[White "Zrikem, Nassim"]
[Black "Bharath, Subramaniyam H."]
[Result "0-1"]
[WhiteElo "2125"]
[BlackElo "2417"]
[EventDate "2019.10.15"]
[PlyCount "64"]

1.d4 Nf6 2.Nf3 e6 3.e3 d5 4.Bd3 c5 5.c3 Nc6 6.Nbd2 Bd6 7.O-O O-O 8.dxc5 
Bxc5 9.e4 Qc7 10.Qe2 h6 11.e5 Ng4 12.Nb3 Bb6 13.Nbd4 f6 14.Nxc6 bxc6 15.
Bf4 g5 16.Bg3 f5 17.Nd4 c5 18.Nb5 Qg7 19.Rae1 Ba6 20.a4 c4 21.Bb1 Bxb5 22.
axb5 h5 23.h3 f4 24.Bh2 Nxh2 25.Kxh2 g4 26.g3 gxh3 27.Kxh3 f3 28.Qc2 Rf5 
29.Kh2 Raf8 30.Rg1 Rg5 31.g4 hxg4 32.Rg3 Rh5+ 0-1

[Event "58h World U20 ch"]
[Site "New Delhi IND"]
[Date "2019.10.15"]
[Round "1.37"]
[White "Bronstein, Or"]
[Black "Maltezeanu, Stefan"]
[Result "1-0"]
[WhiteElo "2413"]
[BlackElo "2102"]
[EventDate "2019.10.15"]
[PlyCount "83"]

1.d4 Nf6 2.c4 e6 3.Nf3 d5 4.g3 dxc4 5.Bg2 c6 6.a4 Bb4+ 7.Bd2 a5 8.Qc2 
Bxd2+ 9.Qxd2 b5 10.axb5 cxb5 11.Qg5 b4 12.Ne5 Ra7 13.Qxg7 Rg8 14.Qh6 Qxd4 
15.Qxf6 Qxb2 16.O-O Qxa1 17.Rd1 Rd7 18.Nxd7 Qa4 19.Bf1 Qa1 20.Bg2 Qa4 21.
Rc1 Nxd7 22.Qf4 Qa2 23.Nd2 c3 24.Nc4 Qxe2 25.Bf3 Qa2 26.Qc7 Ke7 27.Nd6 Ba6
28.Bc6 Rd8 29.Nxf7 Kxf7 30.Qxd8 Nf6 31.Qc7+ Kg6 32.Qf4 Qc4 33.Qf3 c2 34.
Ba4 Qd4 35.Bxc2+ Kg7 36.Rd1 Qb6 37.Qf4 Qc6 38.Qg5+ Kf7 39.Rc1 Qb6 40.Bb3 
Bb7 41.Qf4 Bc6 42.Qd6 1-0

[Event "58h World U20 ch"]
[Site "New Delhi IND"]
[Date "2019.10.15"]
[Round "1.38"]
[White "Aravena Navarro, Alexis Andres"]
[Black "Agmanov, Zhandos"]
[Result "0-1"]
[WhiteElo "2023"]
[BlackElo "2403"]
[EventDate "2019.10.15"]
[PlyCount "88"]

1.c4 Nf6 2.Nc3 e5 3.g3 d5 4.cxd5 Nxd5 5.Bg2 Nb6 6.Nf3 Nc6 7.O-O Be7 8.d3 
O-O 9.Bd2 Be6 10.a3 a5 11.Na4 Nd7 12.Rc1 f6 13.Be3 Qe8 14.d4 exd4 15.Nxd4 
Nxd4 16.Bxd4 c6 17.Qd2 Qf7 18.e4 Rfd8 19.Qc3 Ra6 20.Rfe1 Bb3 21.Bf1 b5 22.
Nc5 Bxc5 23.Bxc5 a4 24.Bd4 Qe6 25.f4 Re8 26.h4 Qf7 27.Kh2 Nf8 28.Qf3 Ne6 
29.Be3 Nf8 30.Rc3 f5 31.Bd3 Nd7 32.exf5 Bd5 33.Qd1 Nf6 34.Bf2 Rxe1 35.Qxe1
Ra8 36.Bd4 Re8 37.Be5 Ng4+ 38.Kh3 h5 39.Rc2 Bf3 40.Qc3 Qd5 41.Bf1 Qe4 42.
Qd3 Qxd3 43.Bxd3 Rd8 44.Bf1 Rd1 0-1

[Event "58h World U20 ch"]
[Site "New Delhi IND"]
[Date "2019.10.15"]
[Round "1.39"]
[White "Hollan, Martin"]
[Black "Licheli, Luka"]
[Result "1-0"]
[WhiteElo "2403"]
[BlackElo "2010"]
[EventDate "2019.10.15"]
[PlyCount "28"]

1.e4 c6 2.Nf3 d5 3.Nc3 Bg4 4.h3 Bxf3 5.Qxf3 e6 6.Be2 g6 7.d4 Ne7 8.O-O Bg7
9.exd5 exd5 10.Bd3 Bxd4 11.Re1 Nd7 12.Bf4 Bf6 13.Bg3 h5 14.h4 Ne5 1-0

[Event "58h World U20 ch"]
[Site "New Delhi IND"]
[Date "2019.10.15"]
[Round "1.40"]
[White "Lama, Milan"]
[Black "Di Benedetto, Edoardo"]
[Result "1/2-1/2"]
[WhiteElo "1976"]
[BlackElo "2401"]
[EventDate "2019.10.15"]
[PlyCount "122"]

1.e4 e6 2.d4 d5 3.exd5 exd5 4.Bd3 Nc6 5.c3 Bd6 6.Nf3 Nge7 7.O-O Bg4 8.Nbd2
Qd7 9.Re1 f6 10.Nf1 O-O-O 11.b4 Rde8 12.a4 g5 13.a5 h5 14.b5 Nd8 15.b6 a6 
16.bxc7 Bxc7 17.Ba3 Nec6 18.Rxe8 Rxe8 19.Bb4 Ne6 20.h3 Bxf3 21.Qxf3 Nf4 
22.Ng3 g4 23.hxg4 hxg4 24.Qd1 Nxd3 25.Qxd3 Bxg3 26.Qxg3 Qf5 27.Bc5 Rh8 28.
Bb6 Qh7 29.Qxg4+ f5 30.Qh3 Qxh3 31.gxh3 Rxh3 32.Rc1 Kd7 33.Kg2 Rh8 34.Re1 
Rh6 35.Kg3 Ne7 36.Kf4 Rh5 37.Rg1 Ke6 38.Bc5 Rh4+ 39.Kf3 Nc6 40.Bb6 Rh3+ 
41.Rg3 Rxg3+ 42.fxg3 Ne7 43.Kf4 Ng8 44.Bd8 Nh6 45.Bb6 Ng4 46.Kf3 Nf6 47.
Bc5 Ne4 48.Bb4 Kd7 49.Kf4 Kc6 50.Kxf5 Nxg3+ 51.Ke5 Nf1 52.c4 Ne3 53.cxd5+ 
Nxd5 54.Bd2 Nc7 55.Be1 Nb5 56.d5+ Kd7 57.Bb4 Nc7 58.Kd4 Ne8 59.Kc5 Nf6 60.
Ba3 Ne4+ 61.Kb6 Kc8 1/2-1/2

[Event "58h World U20 ch"]
[Site "New Delhi IND"]
[Date "2019.10.15"]
[Round "1.41"]
[White "Sammed Shete, Jaykumar"]
[Black "Mohd Saprin, Amir Ghaazi"]
[Result "1/2-1/2"]
[WhiteElo "2392"]
[BlackElo "1942"]
[EventDate "2019.10.15"]
[PlyCount "69"]

1.e4 e5 2.Nf3 Nc6 3.Bc4 Bc5 4.c3 Nf6 5.d3 d6 6.h3 a6 7.a4 Ba7 8.Nbd2 Ne7 
9.Nf1 Ng6 10.Ng3 O-O 11.O-O h6 12.Bb3 Re8 13.Re1 Be6 14.Bc2 d5 15.exd5 
Bxd5 16.a5 Qd7 17.Be3 Bxe3 18.fxe3 Rad8 19.e4 Be6 20.Kh2 c6 21.Qc1 Qc7 22.
Rf1 c5 23.Qe3 Nd7 24.Ng1 Nf4 25.N1e2 g5 26.Kh1 Nf8 27.Nf5 Bxf5 28.exf5 Nh7
29.Ng3 Nf6 30.Ne4 Nxe4 31.dxe4 Rd6 32.Kh2 Red8 33.Rf2 f6 34.g3 Nd3 35.Bxd3
1/2-1/2

[Event "58h World U20 ch"]
[Site "New Delhi IND"]
[Date "2019.10.15"]
[Round "1.42"]
[White "De Silva, Lasal M. S. T."]
[Black "Percivaldi, Martin"]
[Result "1-0"]
[WhiteElo "1879"]
[BlackElo "2391"]
[EventDate "2019.10.15"]
[PlyCount "95"]

1.e4 e6 2.d4 d5 3.Nc3 Bb4 4.e5 Ne7 5.a3 Bxc3+ 6.bxc3 b6 7.Qg4 Ng6 8.h4 h5 
9.Qd1 Ba6 10.Bg5 Qc8 11.Bxa6 Qxa6 12.Ne2 Qc4 13.Qd3 Nc6 14.O-O Nce7 15.Ng3
Qxd3 16.cxd3 Nf5 17.Nxf5 exf5 18.c4 c6 19.a4 Kd7 20.Rfb1 Rhb8 21.cxd5 cxd5
22.Rb5 Ke6 23.a5 bxa5 24.Rbxa5 f4 25.Ra6+ Kf5 26.R1a5 Kg4 27.Rxd5 Nxh4 28.
Bxh4 Kxh4 29.Rd7 Rb1+ 30.Kh2 Rb2 31.Rxf7 g5 32.e6 Rc8 33.e7 Rxf2 34.Re6 
Rcc2 35.e8=Q Rxg2+ 36.Kh1 Rcf2 37.Qa8 Kh3 38.Re3+ fxe3 39.Rxf2 Rxf2 40.Kg1
g4 41.Qe4 a5 42.Qxe3+ g3 43.Qe6+ Kh4 44.d5 Rc2 45.d6 Rc1+ 46.Kg2 Rc2+ 47.
Kf3 g2 48.Qe1+ 1-0

[Event "58h World U20 ch"]
[Site "New Delhi IND"]
[Date "2019.10.15"]
[Round "1.46"]
[White "Dahanayake, Isara Banidu"]
[Black "Mendonca, Leon Luke"]
[Result "0-1"]
[WhiteElo "1771"]
[BlackElo "2388"]
[EventDate "2019.10.15"]
[PlyCount "56"]

1.c4 b6 2.Nc3 Bb7 3.Nf3 Nf6 4.g3 e6 5.Bg2 Be7 6.O-O O-O 7.b3 d5 8.cxd5 
exd5 9.e3 Re8 10.Bb2 Nbd7 11.d3 Nf8 12.Rc1 Ne6 13.Ne2 c5 14.Nf4 Nxf4 15.
gxf4 d4 16.Qd2 Bd6 17.e4 Nh5 18.e5 Bf8 19.Rfe1 g6 20.f5 gxf5 21.Kh1 Re6 
22.Rg1 Rg6 23.Nh4 Bxg2+ 24.Nxg2 Qd5 25.f3 Qxf3 26.Rgf1 Qh3 27.Kg1 Bh6 28.
Qf2 Kh8 0-1

[Event "58h World U20 ch"]
[Site "New Delhi IND"]
[Date "2019.10.15"]
[Round "1.47"]
[White "Rajdeep, Sarkar"]
[Black "Sivathanujan, Sivanathan"]
[Result "1/2-1/2"]
[WhiteElo "2384"]
[BlackElo "1766"]
[EventDate "2019.10.15"]
[PlyCount "47"]

1.c4 e5 2.Nc3 g6 3.d4 Nc6 4.dxe5 Nxe5 5.e4 Bg7 6.f4 Nc6 7.g3 d6 8.Bg2 Nge7
9.Nge2 O-O 10.O-O f5 11.c5 fxe4 12.cxd6 Qxd6 13.Qxd6 cxd6 14.Bxe4 Bf5 15.
Bxf5 Nxf5 16.Bd2 Rfe8 17.Kf2 Nb4 18.g4 Nd3+ 19.Kf3 Nd4+ 20.Nxd4 Bxd4 21.
Nd5 Bxb2 22.Rab1 Rec8 23.Be3 Rc2 24.Rfd1 1/2-1/2

[Event "58h World U20 ch"]
[Site "New Delhi IND"]
[Date "2019.10.16"]
[Round "2.1"]
[White "Kollars, Dmitrij"]
[Black "Batsuren, Dambasuren"]
[Result "1/2-1/2"]
[WhiteElo "2587"]
[BlackElo "2454"]
[EventDate "2019.10.15"]
[PlyCount "74"]

1.c4 Nf6 2.Nc3 e6 3.e4 d5 4.cxd5 exd5 5.e5 Ne4 6.Nf3 Nc6 7.Bb5 Nxc3 8.dxc3
a6 9.Bxc6+ bxc6 10.O-O Be7 11.Nd4 Bd7 12.Be3 O-O 13.f4 Re8 14.Qf3 c5 15.
Ne2 Rb8 16.b3 c6 17.Ng3 Qa5 18.c4 d4 19.Bf2 f5 20.exf6 Bxf6 21.Ne4 Rf8 22.
Qh5 Be7 23.Bh4 Bxh4 24.Qxh4 Bf5 25.Qe1 Qxe1 26.Raxe1 Bxe4 27.Rxe4 Rbe8 28.
Rfe1 Kf7 29.Kf2 Rxe4 30.Rxe4 Re8 31.Rxe8 Kxe8 32.g4 Ke7 33.Kf3 a5 34.a4 h6
35.Ke4 Kf6 36.h3 g6 37.Kd3 Ke6 1/2-1/2

[Event "58h World U20 ch"]
[Site "New Delhi IND"]
[Date "2019.10.16"]
[Round "2.3"]
[White "Bharath, Subramaniyam H."]
[Black "Shtembuliak, Evgeny"]
[Result "0-1"]
[WhiteElo "2417"]
[BlackElo "2577"]
[EventDate "2019.10.15"]
[PlyCount "110"]

1.e4 e6 2.d4 d5 3.Nc3 Nf6 4.Bg5 dxe4 5.Nxe4 Be7 6.Bxf6 gxf6 7.Qd2 b6 8.
O-O-O Bb7 9.Nc3 c6 10.Be2 Nd7 11.Bh5 f5 12.Nf3 Rg8 13.Rhe1 Nf6 14.Qh6 Nxh5
15.Qxh5 Bg5+ 16.Kb1 Qf6 17.Qxh7 O-O-O 18.Nxg5 Rxg5 19.Qh4 Rh8 20.Qf4 Rg4 
21.Qd6 Rd8 22.Qa3 Kb8 23.Ne2 Rxg2 24.Rg1 Rxg1 25.Rxg1 f4 26.f3 c5 27.dxc5 
Qe5 28.Nc1 Qxc5 29.Qxc5 bxc5 30.Nd3 c4 31.Nxf4 Bxf3 32.a4 e5 33.Rf1 e4 34.
h4 Kc7 35.Kc1 Kc6 36.c3 Rg8 37.Kd2 Kd6 38.Ke3 Ke5 39.h5 Rg4 40.Ne2 f5 41.
Rxf3 exf3 42.Kxf3 Rh4 43.Nd4 Rh3+ 44.Kf2 Rxh5 45.Nc6+ Ke4 46.Nxa7 f4 47.
Nc6 Rh2+ 48.Kf1 Rxb2 49.a5 Ra2 50.Ke1 f3 51.Nd4 Rxa5 52.Kf2 Ra2+ 53.Kg3 
Rg2+ 54.Kh3 Rg1 55.Kh2 f2 0-1

[Event "58h World U20 ch"]
[Site "New Delhi IND"]
[Date "2019.10.16"]
[Round "2.12"]
[White "Zlatin, Alexander"]
[Black "Khanin, Semen"]
[Result "0-1"]
[WhiteElo "2263"]
[BlackElo "2507"]
[EventDate "2019.10.15"]
[PlyCount "90"]

1.e4 c5 2.Nf3 Nc6 3.d4 cxd4 4.Nxd4 g6 5.c4 Bg7 6.Be3 Nf6 7.Nc3 O-O 8.Be2 
d6 9.O-O Bd7 10.Nxc6 Bxc6 11.Qc2 Nd7 12.f3 Rc8 13.Rac1 Qa5 14.a3 a6 15.Qd2
f5 16.b4 Qxa3 17.Nb1 Qb3 18.exf5 gxf5 19.Rf2 Qb2 20.Bf1 Qxd2 21.Rxd2 f4 
22.Bf2 Ne5 23.Be2 b5 24.c5 d5 25.Ra2 Bb7 26.Nc3 Rfd8 27.Nxb5 axb5 28.Bxb5 
d4 29.Ra7 Bc6 30.Ba6 Rb8 31.Rxe7 Rxb4 32.Bh4 Rd7 33.Re6 Kf7 34.Rd6 Rxd6 
35.cxd6 Ke6 36.Be7 d3 37.Rd1 Rd4 38.Kf2 Bf6 39.Bf8 Bd8 40.Rb1 d2 41.Be2 
Ba4 42.g3 fxg3+ 43.hxg3 d1=Q 44.Bxd1 Bxd1 45.Rb7 Rd2+ 0-1